00890 2200337 4500001002100000005001500021035002000036007000300056008004100059020001800100082001100118084001700129100002200146245012500168260003900293300003200332650001400364700001900378520002900397520001300426990001200439990001200451990001100463990001200474990001100486990001100497990001100508990001100519990001100530990001100541INLIS00000000000203220180604111646 a0010-0618000001ta180604 g 0 ind  a979-1273-79-0 a303.62 a303.62 SHO m0 aSHOFWAN, Al Banna1 aMembentangkan Ketakutan :bJejak Berdarah Perang Global Melawan Terorisme /cShofwan Al Banna; penyunting, Yusuf Maulana aYogyakarta :bPro-U Media,c[s.a] a208 hlm. :bilus. ;c21 cm. aTERORISME0 aYUSUF, Maulana aBibliogafi: hlm. 185-193 alampiran a16698 a a16698 b a16698b a16698 a a16698a a16698b a16698b a16698a a16698a a16698b